| 000 | 00749cam2a220027700 4500 | ||
|---|---|---|---|
| 001 | lce00481207 | ||
| 008 | 790118s1977 enka b 001 0 eng | ||
| 010 | _a 78324339 | ||
| 015 | _aGB78-05753 | ||
| 020 | _cL.1.25 | ||
| 035 | _a(Sirsi) r46578 | ||
| 035 | _a(DLC) 78324339 | ||
| 035 | _a(UPRA)lce00481207 | ||
| 040 | _dUPRA | ||
| 050 | 0 |
_aBC108 _b.H58 |
|
| 082 | _a160 | ||
| 100 | 1 |
_aHodges, Wilfrid. _6A4501.1 |
|
| 245 | 1 | 0 |
_aLogic / _cby Wilfrid Hodges. |
| 260 |
_aHarmondsworth ; New York : _aHarmondsworth ; New York : _bPenguin, _c1977. |
||
| 500 | _aIncludes index. | ||
| 504 | _aBibliography: p. 325. | ||
| 650 | 0 |
_aLogic. _6S3124.1 |
|
| 949 |
_aBC108 _wlcc _mMAIN _tBOOK _lON-SHELF |
||
| 004 | 46578 | ||
| 987 | _aWITHDRAWN. | ||
| 999 |
_c204173 _d204173 |
||